Filosofía de la psicología
Saved in:
| Main Authors: | , |
|---|---|
| Format: | Bog |
| Sprog: | spansk |
| Udgivet: |
Barcelona
Ariel
1988
|
| Serier: | Ariel psicología
|
| Fag: | |
| Tags: |
Tilføj Tag
Ingen Tags, Vær først til at tagge denne postø!
|
MARC
| LEADER | 00000nam a2200000 a 4500 | ||
|---|---|---|---|
| 001 | UCW6832 | ||
| 003 | CL-VaPUC | ||
| 008 | 920612e19880000SP |||||||||||||||||spa|d | ||
| 082 | 0 | 4 | |a 150.1 |b BUN |2 21 |
| 100 | 0 | |a Bunge, Mario |e author |9 311900 | |
| 700 | 0 | |a Ardila, Rubén |e author |9 311901 | |
| 245 | 1 | 0 | |a Filosofía de la psicología |
| 300 | |a 435 p | ||
| 942 | |c BK | ||
| 945 | |d 19920612 00:00:00 | ||
| 260 | |a Barcelona |b Ariel |c 1988 | ||
| 650 | 0 | |a Filosofía de las ciencias sociales |9 268057 | |
| 650 | 0 | |a Psicología |9 257863 | |
| 583 | |a last modification |c 20121001 10:29:17 |k Rodrigo Vera | ||
| 490 | 0 | |a Ariel psicología | |
| 999 | |c 219753 |d 219751 | ||
| 952 | |0 0 |1 0 |4 0 |6 150_100000000000000_BUN_1988 |7 0 |8 A |9 211046 |a BIBEDU |b BIBEDU |d 2019-11-15 |i 2793067 |o 150.1 BUN 1988 |p 2793067 |r 2019-11-15 |w 2019-11-15 |y BK |k EDU | ||